| 000 | 00876nam a2200265 a 4500 | ||
|---|---|---|---|
| 999 |
_c19562 _d19562 |
||
| 001 | 4407744 | ||
| 003 | ARRUPE | ||
| 005 | 20170530091614.0 | ||
| 008 | 921002s1992 iluab b 001 0 eng | ||
| 010 | _a 92223593 | ||
| 040 |
_aDLC _cDLC |
||
| 043 | _af------ | ||
| 050 | 0 | 0 |
_aDT20 _b.J8 1992 |
| 082 | 0 | 0 |
_a960 _220 |
| 100 | 1 |
_aJuly, Robert W. _931645 |
|
| 245 | 1 | 2 |
_aA history of the African people / _cRobert W. July. |
| 250 | _a4th ed. | ||
| 260 |
_aProspect Heights, Ill. : _bWaveland Press, _cc1992. |
||
| 300 |
_axiii, 593 p. : _bill., maps ; _c24 cm. |
||
| 504 | _aIncludes bibliographical references and index. | ||
| 651 | 0 |
_aAfrica _xHistory. _931646 |
|
| 906 |
_a7 _bcbc _corignew _d3 _encip _f19 _gy-gencatlg |
||
| 942 |
_2lcc _cMONOGRAPH |
||